| Tag |
First Indicator |
Second Indicator |
Subfields |
| LEADER |
00000pam a22000004a 4500 |
| 001 |
in00001761811 |
| 005 |
20151025051401.0 |
| 008 |
021030s2003 nju 001 0 eng |
| 010 |
|
|
|a 2002153123
|
| 020 |
|
|
|a 0471441961 (paper : alk. paper)
|
| 035 |
|
|
|a (OCoLC)ocm50948557
|
| 040 |
|
|
|a DNLM/DLC
|c DLC
|d TXA
|d UtOrBLW
|
| 042 |
|
|
|a pcc
|
| 049 |
|
|
|a TXAM
|
| 050 |
0 |
0 |
|a RC662
|b .K37 2003
|
| 060 |
1 |
0 |
|a WK 819
|b K17d 2003
|
| 082 |
0 |
0 |
|a 641.5/6314
|2 21
|
| 100 |
1 |
|
|a Kapoor, Sandra.
|
| 245 |
1 |
0 |
|a Delicious desserts when you have diabetes :
|b over 150 recipes /
|c Sandy Kapoor.
|
| 264 |
|
1 |
|a Hoboken, N.J. :
|b J. Wiley,
|c [2003]
|
| 264 |
|
4 |
|c ©2003
|
| 300 |
|
|
|a xi, 244 pages ;
|c 23 cm.
|
| 336 |
|
|
|a text
|b txt
|2 rdacontent
|
| 337 |
|
|
|a unmediated
|b n
|2 rdamedia
|
| 338 |
|
|
|a volume
|b nc
|2 rdacarrier
|
| 500 |
|
|
|a Includes index.
|
| 650 |
|
0 |
|a Diabetes
|x Diet therapy
|v Recipes.
|
| 650 |
|
0 |
|a Desserts.
|
| 650 |
|
2 |
|a Diabetic Diet
|x methods
|v Popular Works.
|
| 650 |
|
2 |
|a Cooking
|v Popular Works.
|
| 650 |
|
2 |
|a Diabetes Mellitus
|x diet therapy
|v Popular Works.
|
| 948 |
|
|
|a cataloged
|b h
|c 2003/4/28
|d c
|e ceaton
|f 4:40:22 pm
|
| 994 |
|
|
|a E0
|b TXA
|
| 999 |
|
|
|a MARS
|
| 999 |
f |
f |
|s dd5cf2dc-f773-360a-b771-fb860433043e
|i c1c52405-b6b6-30df-abfb-5a0989421d09
|t 0
|
| 952 |
f |
f |
|p ric
|a Texas A&M University
|b Rellis Campus
|c Joint Library Facility
|d Remote Storage
|t 0
|e RC662 .K37 2003
|h Library of Congress classification
|i unmediated -- volume
|m A14830093886
|
| 998 |
f |
f |
|a RC662 .K37 2003
|t 0
|l Remote Storage
|